000 00919cam a2200289 a 4500
001 3074
005 20240202135444.0
020 _a0394854438
040 _aDLC
_cDLC
_dDLC
_beng
050 0 0 _aPZ7.B4483
_b 1982
082 0 0 _a813.54
100 1 _aBerenstain, Stan
245 1 4 _aThe Berenstain Bears in the dark /
_cStan and Jan Berenstain.
260 _aNew York :
_bRandom House,
_c1982
300 _a29 unnumbered pages :
_bcolor illustrations ;
_c21 cm.
490 1 _aFirst time books
505 _aR
520 _aWhen Brother Bear brings a spooky book from the library, bedtime and the dark become ominous and threatening to Sister Bear.
521 _a690
_bLexile
521 _aR
_bRaz-Plus
650 1 _aNight
_xFiction.
650 1 _aFear
_xFiction.
650 1 _aBears
_xFiction.
700 1 _aBerenstain, Jan
906 _a7
_bcbu
_corignew
_d1
_eocip
_f19
_gy-gencatlg
942 _2ddc
_cBK
_n0
999 _c3074
_d3074